US Metro Spillovers Quiz Stats

Quiz not verified by Sporcle

Challenge
Share
Tweet
Embed
Score 0/20 Timer 08:00
0 Plays Today
Population Metro : State % Correct
6,946,380 New York : New Jersey
98.3%
846,346 Kansas City : Kansas
91.5%
1,473,660 Philadelphia : New Jersey
90.1%
819,537 Chicago : Indiana
89.6%
3,365,425 Washington, D.C : Virginia
89.1%
5,212,060 Washington, D.C : Maryland
88.6%
425,483 Cincinnati : Kentucky
87.4%
703,664 St. Louis : Illinois
86.9%
1,969,233 New York : Connecticut
85%
166,426 Chicago : Wisconsin
82.1%
Population Metro : State % Correct
444,484 Portland, OR : Washington
81.8%
1,023,610 Boston : New Hampshire
77%
387,905 Charlotte : South Carolina
75.3%
1,074,235 Boston : Rhode Island
72.2%
538,479 Philadelphia : Delaware
65.9%
276,517 Louisville : Indiana
64.2%
185,276 Memphis : Mississippi
51.1%
187,084 Augusta, GA : South Carolina
26.6%
216,294 Davenport : Illinois
26.4%
209,744 Columbus, GA : Alabama
15.7%

You're not logged in!

Compare scores with friends on all Sporcle quizzes.
Join for Free
OR
Log In

You Might Also Like...

Show Comments

Extras

Top Quizzes Today


Score Distribution

Your Account Isn't Verified!

In order to create a playlist on Sporcle, you need to verify the email address you used during registration. Go to your Sporcle Settings to finish the process.

Report this User

Report this user for behavior that violates our Community Guidelines.

Details: